Every Bow Wow Song on the Billboard Hot 100 - Statistics

General Stats
  • This quiz has been taken 21 times
    17 since last reset
  • The average score is 12 of 21
Answer Stats
# Year Song % Correct
3 2005 Like You ft. Ciara
100%
4 2005 Let Me Hold You ft. Omarion
92%
9 2006 Shortie Like Mine ft. Chris Brown & Johnta Austin
85%
20 2000 Bounce With Me ft. Xscape
77%
21 2001 Bow Wow (That's My Name)
77%
14 2003 Let's Get Down ft. Birdman
77%
93 2002 Thank You ft. Jagged Edge & Fundisha
77%
22 2007 Outta My System ft. T-Pain & Johnta Austin
69%
75 2001 Puppy Love ft. Jagged Edge
69%
33 2007 Girlfriend (Omarion)
62%
42 2004 My Baby ft. Jagged Edge
62%
23 2006 Fresh Azimiz ft. J-Kwon & Jermaine Dupri
54%
66 2008 Marco Polo ft. Soulja Boy
54%
72 2002 Take Ya Home
54%
55 2009 You Can Get It All ft. Johnta Austin
46%
91 2001 Ghetto Girls
38%
22 2004 Baby It's You (JoJo)
23%
12 2007 I'm A Flirt ft. T.I. & T-Pain
23%
15 2005 I Think They Like Me (Dem Franchize Boyz) ft. Jermaine Dupri & Da Brat
23%
64 2007 Easy (Paula DeAnda)
15%
48 2011 Sweat ft. Lil Wayne
15%
No matching quizzes found
Score Distribution
Percent of People with Each Score
Percentile by Number Answered
Your Score History
You have not taken this quiz since the last reset